Desolación - Ternura - Tala - Lagar
Salvato in:
| Autore principale: | |
|---|---|
| Natura: | Libro |
| Lingua: | spagnolo |
| Pubblicazione: |
México, D.F.
Editorial Porrúa S.A.
2006
|
| Edizione: | 10ª edición |
| Serie: | "Sepan Cuantos..."
|
| Soggetti: | |
| Tags: |
Aggiungi Tag
Nessun Tag, puoi essere il primo ad aggiungerne!!
|
MARC
| LEADER | 00000nam a22000005a 4500 | ||
|---|---|---|---|
| 003 | CL-ChBUA | ||
| 005 | 20230410173215.0 | ||
| 007 | ta | ||
| 008 | 150512t2006 mx ||||| |||| 000 ||spa | ||
| 020 | |a 970-07-6760-4 | ||
| 040 | |a CL-ChBUA |c CL-ChBUA |e rda | ||
| 082 | 0 | 0 | |a 861 |2 22 |
| 100 | 1 | |a Mistral, Gabriela |e autor | |
| 245 | 1 | 0 | |a Desolación - Ternura - Tala - Lagar |c Gabriela Mistral (autor) |
| 250 | |a 10ª edición | ||
| 260 | |a México, D.F. |b Editorial Porrúa S.A. |c 2006 | ||
| 300 | |a XLVIII, 251 páginas |c 22 centímetros | ||
| 336 | |2 rdacontent |a text |b txt | ||
| 337 | |2 rdamedia |a unmediated |b n | ||
| 338 | |2 rdacarrier |a volume |b nc | ||
| 440 | |a "Sepan Cuantos..." |n Nº 250 | ||
| 504 | |a índice general, índice de primeros versos | ||
| 650 | 4 | |a POESIAS CHILENAS | |
| 942 | |2 ddc |c LIB | ||
| 945 | |0 nac | ||
| 952 | |0 0 |1 0 |2 ddc |4 0 |6 CH_861_000000000000000_M_678DE |7 0 |9 1146231 |a UNACH |b UNACH |c 800 |d 2015-05-12 |i 55.686 |l 1 |o Ch 861 / M 678de |p 84114 |r 2026-03-24 21:32:42 |s 2017-05-23 |t 1 |w 2015-05-12 |y LIB | ||
| 952 | |0 0 |1 0 |2 ddc |4 0 |6 CH_861_000000000000000_M_678DE |7 0 |9 1146232 |a UNACH |b UNACH |c 800 |d 2015-05-12 |i 55.687 |l 2 |o Ch 861 / M 678de |p 84115 |r 2026-03-24 21:32:37 |s 2022-10-19 |t 2 |w 2015-05-12 |y LIB | ||
| 952 | |0 0 |1 0 |2 ddc |4 0 |6 CH_861_000000000000000_M_678DE |7 0 |9 1146233 |a UNACH |b UNACH |c 800 |d 2015-05-12 |i 55.688 |l 1 |m 1 |o Ch 861 / M 678de |p 84116 |r 2026-03-24 21:32:33 |s 2022-10-19 |t 3 |w 2015-05-12 |y LIB | ||
| 999 | |c 2189588 |d 2189588 | ||